<?xml version="1.0" encoding="UTF-8"?>
<record
    xmlns:xsi="http://www.w3.org/2001/XMLSchema-instance"
    xsi:schemaLocation="http://www.loc.gov/MARC21/slim http://www.loc.gov/standards/marcxml/schema/MARC21slim.xsd"
    xmlns="http://www.loc.gov/MARC21/slim">

  <leader>00951nam a22001457a 4500</leader>
  <datafield tag="999" ind1=" " ind2=" ">
    <subfield code="c">523842</subfield>
    <subfield code="d">523842</subfield>
  </datafield>
  <controlfield tag="008">231005b           ||||| |||| 00| 0 eng d</controlfield>
  <datafield tag="100" ind1=" " ind2=" ">
    <subfield code="a">Sharma, Rekha </subfield>
    <subfield code="9">44063</subfield>
  </datafield>
  <datafield tag="245" ind1=" " ind2=" ">
    <subfield code="a">Women empowerment: Recent reforms </subfield>
  </datafield>
  <datafield tag="260" ind1=" " ind2=" ">
    <subfield code="a">Yojana </subfield>
  </datafield>
  <datafield tag="300" ind1=" " ind2=" ">
    <subfield code="a">67(9), Sep, 2023: p.57-61</subfield>
  </datafield>
  <datafield tag="520" ind1=" " ind2=" ">
    <subfield code="a">Combating violence, ending child marriage, promoting political and economic empowerment, safeguarding sexual and reproductive health rights, protecting land rights, and implementing gender-responsive budgeting are crucial steps towards achieving gender equality. It is only through collective efforts, involving governments, civil society, and individuals, that we can create a more equal table and inclusive world for women. The Supreme court of India&#x2019;s recently relapsed handbook on combating gender stenotypes will give a fresh impetus to the quest towards a gender-just legal order. &#x2013; Reproduced </subfield>
  </datafield>
  <datafield tag="773" ind1=" " ind2=" ">
    <subfield code="a">Yojana </subfield>
  </datafield>
  <datafield tag="906" ind1=" " ind2=" ">
    <subfield code="a">WOMEN</subfield>
  </datafield>
  <datafield tag="942" ind1=" " ind2=" ">
    <subfield code="c">AR</subfield>
  </datafield>
  <datafield tag="952" ind1=" " ind2=" ">
    <subfield code="0">0</subfield>
    <subfield code="1">0</subfield>
    <subfield code="2">ddc</subfield>
    <subfield code="4">0</subfield>
    <subfield code="7">0</subfield>
    <subfield code="9">398893</subfield>
    <subfield code="a">IIPA</subfield>
    <subfield code="b">IIPA</subfield>
    <subfield code="d">2023-10-05</subfield>
    <subfield code="h">67(9), Sep, 2023: p.57-61</subfield>
    <subfield code="p">AR129735</subfield>
    <subfield code="r">2023-10-05</subfield>
    <subfield code="y">AR</subfield>
  </datafield>
</record>
